|
|
|
|
| LEADER |
02145nam a22003493i 4500 |
| 001 |
EBC6825295 |
| 003 |
MiAaPQ |
| 005 |
20240729202203.0 |
| 006 |
m o d | |
| 007 |
cr cnu|||||||| |
| 008 |
240729s2021 xx o ||||0 eng d |
| 020 |
|
|
|a 9789179291334
|q (electronic bk.)
|
| 035 |
|
|
|a (MiAaPQ)EBC6825295
|
| 035 |
|
|
|a (Au-PeEL)EBL6825295
|
| 035 |
|
|
|a (OCoLC)1289370211
|
| 040 |
|
|
|a MiAaPQ
|b eng
|e rda
|e pn
|c MiAaPQ
|d MiAaPQ
|
| 100 |
1 |
|
|a Abrahamsson, Tobias.
|
| 245 |
1 |
0 |
|a Synthetic Functionalities for Ion and Electron Conductive Polymers :
|b Applications in Organic Electronics and Biological Interfaces.
|
| 250 |
|
|
|a 1st ed.
|
| 264 |
|
1 |
|a Linköping :
|b Linköping University Electronic Press,
|c 2021.
|
| 264 |
|
4 |
|c {copy}2021.
|
| 300 |
|
|
|a 1 online resource (128 pages)
|
| 336 |
|
|
|a text
|b txt
|2 rdacontent
|
| 337 |
|
|
|a computer
|b c
|2 rdamedia
|
| 338 |
|
|
|a online resource
|b cr
|2 rdacarrier
|
| 505 |
0 |
|
|a Intro -- Abstract -- Populärvetenskaplig Sammanfattning -- Acknowledgement -- List of Included Publications -- Related Publications Not Included in the Thesis -- Table of Contents -- Part I Background and Theory -- 1 Introduction -- 2 Organic Chemistry and Electronics -- 3 Polymers -- 4 Ionic Transport and Ion Selective Membranes -- 5 Organic Bioelectronics and Iontronics -- Part II Experimental and Results -- 6 Material Synthesis and Structural Characterization -- 7 Device Fabrication -- 8 Overview of the Publications -- 9 Concluding Remarks and Outlook -- Bibliography -- Publications.
|
| 588 |
|
|
|a Description based on publisher supplied metadata and other sources.
|
| 590 |
|
|
|a Electronic reproduction. Ann Arbor, Michigan : ProQuest Ebook Central, 2024. Available via World Wide Web. Access may be limited to ProQuest Ebook Central affiliated libraries.
|
| 655 |
|
4 |
|a Electronic books.
|
| 776 |
0 |
8 |
|i Print version:
|a Abrahamsson, Tobias
|t Synthetic Functionalities for Ion and Electron Conductive Polymers
|d Linköping : Linköping University Electronic Press,c2021
|
| 797 |
2 |
|
|a ProQuest (Firm)
|
| 856 |
4 |
0 |
|u https://ebookcentral.proquest.com/lib/matrademy/detail.action?docID=6825295
|z Click to View
|